Re(d)unidos : cultura, innovación y comunicación /

Estudio sobre las llamadas nuevas tecnologías la comunicación e información, enfocadas desde un enfoque interdisciplinario que sitúa la innovación en el ámbito de la mediación cultural y retoma –entre otras contribuciones- diversas proposiciones de la teoría crítica.

محفوظ في:
التفاصيل البيبلوغرافية
المؤلف الرئيسي: Contreras Medina, Fernando Ramón (autor)
التنسيق: كتاب
اللغة:الإسبانية
منشور في: Barcelona, España : Anthropos, 2009, c2009
سلاسل:(Huellas Memoria y Texto de Creación ; Comunicación y Periodismo) 38.
الموضوعات:
الوسوم: إضافة وسم
لا توجد وسوم, كن أول من يضع وسما على هذه التسجيلة!

MARC

LEADER 00000nam^a2200000^a^4500
001 000302654
005 20250521000000.0
009 20260310112625.638
020 |a 978-84-7658-929-8 
037 |a Acervo ITESO - Biblioteca 
041 |a ESP 
082 |a 302. 23701  |b CON 
100 |a Contreras Medina, Fernando Ramón  |e (autor) 
245 1 0 |a Re(d)unidos :  |b cultura, innovación y comunicación /  |c F.R. Contreras Medina. 
264 4 |a Barcelona, España :  |b Anthropos,  |c 2009, c2009 
300 |a 159 p. 
336 |a texto  |b txt  |2 rdacontenido 
337 |a sin mediación  |b n  |2 rdamedio 
338 |a volumen  |b nc  |2 rdasoporte 
440 1 |a (Huellas Memoria y Texto de Creación ;  |v 38.  |p Comunicación y Periodismo) 
520 |a Estudio sobre las llamadas nuevas tecnologías la comunicación e información, enfocadas desde un enfoque interdisciplinario que sitúa la innovación en el ámbito de la mediación cultural y retoma –entre otras contribuciones- diversas proposiciones de la teoría crítica. 
649 |a XX 
650 |a Filósofos Alemanes 
650 |a Tecnologías de Comunicación e Información -  |x Aspectos Sociales y Culturales -  |x Tema Principal 
650 |a Comunicación Masiva 
650 |a Tecnología y Sociedad 
650 |a Ciencia y Desarrollo 
650 |a Desarrollo Tecnológico 
650 |a Teoría Crítica 
650 |a Escuela de Frankfurt 
650 |a Marxismo 
650 |a Filosofía del Siglo XX 
650 |a Sociología de la Cultura 
650 |a Sociología de la Comunicación 
650 |a Adorno, Theodor W. 
650 |a Horkheimer, Max 
910 |a Fondo General 
920 |a Impresos - Libros 
930 |a Colección General 
905 |a 101 
901 |a 0500188977  |b IT1  |c ACC  |i C122075  |u 20250521 
902 |a https://opac.biblio.iteso.mx/vufind/Record/000302654